01663nam a2200385 a 4500001001000000003000500010005001700015008004100032010001100073011001100084040000900095090001000104100004500114245017200159260004100331500006000372502007900432590004100511590004000552590004000592590004000632590004000672590004000712590004000752650003700792650002600829650003400855856007000889901000700959942001000966942000600976999001900982952013601001952014001137000112800CHAP20220329144322.0161124s2016 mx a fsm |||||||spa d a109261 a110233 cCHAP aTesis1 aRendón Rosales, Miguel Ángel913143110aActividad antitrombótica in vitro de leches fermentadas por cepas específicas de bacterias ácido lácticas /h[En línea]cpor Miguel Ángel Rendón Rosales. aChapingo, Méx. :bEl autor,c2016. aPara ver el contenido del material haga clic en la liga aTesis (Ing. Agroindustrial) -- Departamento de Ingeniería Agroindustrial aE11695DGDb10c20170208lUCH01h1037 aE6096MTMb05c20170206lUCH01h1441 aE8697GMMb05c20161124lUCH01h1403 aE8697GMMb05c20161129lUCH01h1154 aE8697GMMb05c20161129lUCH01h1156 aE8697GMMb05c20161129lUCH01h1159 aE8697GMMb05c20161201lUCH01h142714aBacterias acidolácticas.9932314aLactobacillus.96434914aLechexFermentación.965374 aFinding aiduhttp://10.13.5.2/tesis/sist112800.pdfzTeclea aquí aBK cTESIS n0 c109261d109261 00104054718TESISaBCbBCd2016-12-01fTESISl0oTesisp33724002526959r2019-12-31 00:00:00w2019-12-31yTESISzRecien adquirido 00102local4053708TESISaBCbBCcPA_TESISd2016-12-01fTESISl0oTesisp33724002526991r2019-12-31 00:00:00tc.2w2019-12-31yTESIS